|
|
|
|
| LEADER |
00882nam a2200265 4500 |
| 001 |
DLU120144925 |
| 005 |
##20121219 |
| 040 |
# |
# |
|a DLU
|b vie
|
| 041 |
# |
# |
|a vie
|
| 044 |
# |
# |
|a vn
|
| 100 |
# |
# |
|a Phan Huy Đường,
|c PGS.TS.
|
| 245 |
# |
# |
|a Kinh nghiệm điều chỉnh cơ cấu sản xuất nông nghiệp theo hướng mở của một số nước thành viên Asean /
|c Phan Huy Đường.
|
| 653 |
# |
# |
|a Công nghiệp hóa
|
| 653 |
# |
# |
|a Kinh tế nông nghiệp
|
| 653 |
# |
# |
|a Phát triển nông nghiệp
|
| 773 |
# |
# |
|t Tạp chí Khoa học Kinh tế - Luật
|g Số 3(20), 2004, tr. 29-35
|
| 920 |
# |
# |
|a Phòng Tạp chí -- Trung tâm Thông tin - Thư viện Trường Đại học Đà Lạt
|
| 994 |
# |
# |
|a DLU
|
| 900 |
# |
# |
|a True
|
| 911 |
# |
# |
|a Nguyễn Thị Linh Chi
|
| 925 |
# |
# |
|a G
|
| 926 |
# |
# |
|a A
|
| 927 |
# |
# |
|a BB
|
| 980 |
# |
# |
|a Thư viện Trường Đại học Đà Lạt
|